| 000 | 01911nam a22002657a 4500 | ||
|---|---|---|---|
| 999 |
_c62730 _d62730 |
||
| 003 | Ge_BSU | ||
| 005 | 20250203104530.0 | ||
| 008 | 250203s2018 ge ||||| |||| 00| 0 geo d | ||
| 020 | _a9789941480003 | ||
| 041 | _ageo | ||
| 080 | _a81'374(038)=353.1'35 გ-15 | ||
| 245 |
_aგავრცელებული ენობრივი შეცდომების ლექსიკონი : _bბიულეტენი I / _cსახელმწიფო ენის დეპარტამენტი; ლექსიკონზე მუშაობდნენ: გიორგი ალიბეგაშვილი, მარინა ბერიძე, თინათინ ბოლქვაძე [და სხვ.]; რედაქტორი დარეჯან თვალთვაძე ; კონსულტანტი მზექალა შანიძე. |
||
| 264 |
_aთბილისი : _bგრიფონი, _c2018. |
||
| 300 |
_a152 გვ. ; _b17 სმ. |
||
| 504 | _aბიბლიოგრ.: გვ. 12-14. | ||
| 700 |
_aალიბეგაშვილი, გიორგი _eშემდგენელი _924215 |
||
| 700 |
_aბერიძე, მარინა _eშემდგენელი _924216 |
||
| 700 |
_aბოლქვაძე, თინათინ _eშემდგენელი _95682 |
||
| 700 |
_aგოგია, ნანა _eშემდგენელი _924217 |
||
| 700 |
_aთეთრაძე, მაკა _eშემდგენელი _918416 |
||
| 700 |
_aკობიაშვილი, სოფიო და სხვ. _eშემდგენელი _924218 |
||
| 700 |
_aთვალთვაძე, დარეჯან _eრედაქტორი _912967 |
||
| 710 |
_aსახელმწიფო ენის დეპარტამენტი _924219 |
||
| 942 |
_2udc _cᲬᲘᲒᲜᲘ |
||